000 01160nab a2200217 i 4500
001 170421
003 ES-MaACL
005 20251002195940.0
008 090304m18861887sp 000 0 spa d
100 1 _aEchegaray, Eduardo.
_9227111
245 1 0 _aD. Lucio del Valle - El arte del ingeniero y el cultivo de las matemáticas en España : 18ª conferencia [del ciclo "La España del siglo XIX", Ateneo Científico, Literario y Artístico de Madrid] /
_corador, Eduardo Echegaray.
600 1 4 _aValle, Lucio del,
_d1815-1874
_9112770
610 2 4 _aAteneo de Madrid-
_vConferencias-
_yS.XIX.
_91910
610 2 4 _aAteneo de Madrid-
_vObras digitalizadas.
_91930
650 4 _aMatemáticas-
_zEspaña-
_yS.XIX
_914824
773 0 _tLa España del siglo XIX : colección de conferencias históricas celebradas durante el curso de 1885-86 [y curso de 1886-87],
_dMadrid : Librería de Don Antonio San Martín, 1886-1887,
_gT. 2, p. 189-215
_082158
_985194
_w82158
856 4 _uhttp://www.ateneodemadrid.com/biblioteca_digital/folletos/Folletos-0106.pdf
_zVer documento
942 _cANAM
_2udc
999 _c170421
_d170421